| 000 | 00600nam a22001937a 4500 | ||
|---|---|---|---|
| 005 | 20250411112616.0 | ||
| 008 | 250411b |||||||| |||| 00| 0 eng d | ||
| 020 | _a9781718207783 | ||
| 040 | _cPK-LaUMT | ||
| 082 |
_a613.7 _bSPA-N |
||
| 100 |
_aSpano, Marie A. _95285 |
||
| 245 |
_aNutrition for sport, exercise, and health / _cby Marie A. Spano, Laura J. Kruskall and D. Travis Thomas |
||
| 250 | _a2nd ed. | ||
| 260 |
_aChampain : _bHuman Kinetics, _c2024 |
||
| 300 | _a468 p. | ||
| 650 |
_aPhysical fitness _95286 |
||
| 650 |
_aSports nutritional physiological phenomena _91641 |
||
| 942 | _cBK | ||
| 999 |
_c137290 _d137290 |
||